| 000 | 00567cam a22001815a 4500 | ||
|---|---|---|---|
| 001 | ##L132836 | ||
| 008 | 060313s1933 000 0 eng u | ||
| 035 | _a(Sirsi) u132836 | ||
| 041 | 0 | _aeng | |
| 050 | 0 | 4 | _a333.0062 $2 18 |
| 110 | 2 |
_aChartered Surveyors' Institution _92274 |
|
| 245 | 0 | 0 | _aConstitution and rules of procedure of the junior organisation |
| 260 |
_aLondon _bRICS _c1933 |
||
| 300 | _a16p. $2 2cm. | ||
| 651 | 4 |
_aGreat Britain _y1707- |
|
| 690 | _aABOUT RICS-RICS STRUCTURE AND GOVERNANCE-RICS REGULATIONS-RICS CONDUCT REGULATIONS | ||
| 942 | _n0 | ||
| 999 |
_c105254 _d105254 |
||